Bài giảng mỹ học đại cương

Na minha lista:
Detalhes bibliográficos
Autor principal: Nguyễn Hoa Bằng
Formato: Livro
Idioma:Undetermined
Publicado em: Cần Thơ Trường Đại Học Cần Thơ - Khoa Sư Phạm 2000
Assuntos:
Tags: Adicionar Tag
Sem tags, seja o primeiro a adicionar uma tag!
Thư viện lưu trữ: Trung tâm Học liệu Trường Đại học Cần Thơ
LEADER 00605nam a2200181Ia 4500
001 CTU_40252
008 210402s9999 xx 000 0 und d
082 |a 111.85 
082 |b B116 
100 |a Nguyễn Hoa Bằng 
245 0 |a Bài giảng mỹ học đại cương 
245 0 |c Nguyễn Hoa Bằng 
260 |a Cần Thơ 
260 |b Trường Đại Học Cần Thơ - Khoa Sư Phạm 
260 |c 2000 
650 |a aesthetics - outlines, syllabi, etc,aesthetics - study and teaching 
904 |i Minh, 010222 
980 |a Trung tâm Học liệu Trường Đại học Cần Thơ